[Event "Landesliga Sued 1920"]
[Site "Bayern"]
[Date "2020.09.13"]
[Round "8.2"]
[White "Kuhn, Hubert"]
[Black "Lang, Zalan Andreas"]
[Result "0-1"]
[WhiteElo "2038"]
[BlackElo "2275"]
[PlyCount "122"]
[EventDate "2019.09.29"]
[EventType "team-tourn"]
[EventRounds "9"]
[EventCountry "GER"]
[SourceTitle "EXT 2022"]
[Source "ChessBase"]
[SourceDate "2021.10.06"]
[SourceVersion "1"]
[SourceVersionDate "2021.10.06"]
[SourceQuality "1"]
[WhiteTeam "MSA Zugzwang II"]
[BlackTeam "Haunstetten"]
[WhiteTeamCountry "GER"]
[BlackTeamCountry "GER"]

1. d4 Nf6 2. Nf3 c5 3. dxc5 Na6 4. Be3 e6 5. c4 Nxc5 6. Nc3 Be7 7. g3 0-0 8. Bg2 b6 9. 0-0 Bb7 10. Qc2 Rc8 11. Rfd1 a6 12. Rd4 d6 13. b4 Ncd7 14. Qb3 Qc7 15. Rc1 Rfd8 16. Rdd1 Bf8 17. Na4 Be4 18. h3 Qb8 19. Nc3 Ba8 20. a3 h6 21. Kh2 Be7 22. Bf4 Nf8 23. Ne1 Ng6 24. Bxa8 Qxa8 25. Be3 Qb7 26. Nd3 Rd7 27. Na4 Bd8 28. Rb1 h5 29. Rdc1 h4 30. c5 hxg3+ 31. fxg3 Nd5 32. Bf2 dxc5 33. bxc5 b5 34. Nc3 Nxc3 35. Qxc3 Qe4 36. Qc2 Bg5 37. Nb4 Qa8 38. Rd1 Rdc7 39. Rd6 Ra7 40. Nd3 Be7 41. Rd4 Rac7 42. Rg4 Bf6 43. a4 bxa4 44. Rxa4 Ra7 45. Qb3 Ne7 46. Bd4 Qe4 47. Qb2 Nc6 48. Bxf6 Qxa4 49. Ra1 Qb5 50. Bxg7 Qxb2 51. Bxb2 a5 52. Ra4 f5 53. g4 Kf7 54. g5 Re8 55. Rh4 Rg8 56. Rh7+ Ke8 57. Rxa7 Nxa7 58. h4 Nc6 59. Kg3 Kf7 60. Kf4 a4 61. h5 Rb8 0-1

[Event "GER-ch Net Amateur Gr-A Vor3"]
[Site "Playchess.com INT"]
[Date "2020.04.16"]
[Round "3"]
[White "Kuhn, Hubert"]
[Black "Loew, Gerald"]
[Result "0-1"]
[WhiteElo "1739"]
[BlackElo "2022"]
[PlyCount "100"]
[EventDate "2020.04.16"]
[EventType "swiss (blitz)"]
[EventRounds "9"]
[EventCountry "GER"]
[SourceTitle "CBM 195 Extra"]
[Source "ChessBase"]
[SourceDate "2020.05.31"]
[SourceVersion "1"]
[SourceVersionDate "2020.05.31"]
[SourceQuality "1"]

1. d4 d6 2. Nf3 Nf6 3. g3 Nbd7 4. Bg2 e5 5. 0-0 Be7 6. c4 0-0 7. Nc3 c6 8. e4 a6 9. a4 a5 10. h3 Qc7 11. Be3 Re8 12. Qc2 Bf8 13. Rad1 exd4 14. Nxd4 Nc5 15. Kh2 Bd7 16. f4 Rad8 17. Rfe1 Bc8 18. g4 Bxg4 19. hxg4 Nxg4+ 20. Kg1 Nxe3 21. Rxe3 d5 22. cxd5 Qxf4 23. Rf3 Qg5 24. Rdf1 cxd5 25. exd5 Bd6 26. Rh3 h6 27. Nf5 Be5 28. Kh1 Bf6 29. Nb5 Re5 30. Rhf3 Ne4 31. d6 Rxf5 32. Rxf5 Ng3+ 33. Kg1 Nxf5 34. Qxf5 Qe3+ 35. Qf2 Qe6 36. Qb6 Re8 37. Qxb7 Qe3+ 38. Kh1 Qg5 39. Qc6 Qh4+ 40. Kg1 Re2 41. Qc8+ Kh7 42. Qh3 Qc4 43. Qf5+ Kg8 44. d7 Bd4+ 45. Nxd4 Qxd4+ 46. Kh2 Qh4+ 47. Qh3 Qe7 48. Qf3 Qe5+ 49. Kh1 Rd2 50. Qxf7+ Kh7 0-1

[Event "GER-ch Net blitz qual4"]
[Site "Playchess.com INT"]
[Date "2020.03.23"]
[Round "7"]
[White "Woelk, Tom Frederic"]
[Black "Kuhn, Hubert"]
[Result "1-0"]
[WhiteElo "2163"]
[BlackElo "2019"]
[PlyCount "105"]
[EventDate "2020.03.23"]
[EventType "swiss (blitz)"]
[EventRounds "9"]
[EventCountry "GER"]
[SourceTitle "CBM 195 Extra"]
[Source "ChessBase"]
[SourceDate "2020.05.31"]
[SourceVersion "1"]
[SourceVersionDate "2020.05.31"]
[SourceQuality "1"]

1. d4 d5 2. c4 c6 3. Nf3 Nf6 4. Nc3 Bf5 5. cxd5 cxd5 6. Qb3 Nc6 7. Qxb7 Bd7 8. Qb3 Rb8 9. Qd1 e5 10. Nxe5 Bb4 11. e3 0-0 12. Nxd7 Qxd7 13. Bd3 Ne4 14. Bd2 Nxd2 15. Qxd2 Qg4 16. 0-0 Rfe8 17. Be2 Qh4 18. Bf3 Re6 19. g3 Qg5 20. a3 Bxc3 21. Qxc3 Rh6 22. Rac1 Qf5 23. Bg2 g5 24. Qc2 Qf6 25. Bxd5 Ne7 26. Bg2 Rc8 27. Qe4 Rxc1 28. Rxc1 Kg7 29. Qe5 g4 30. Qxf6+ Rxf6 31. Rc7 Nf5 32. Rxa7 Rb6 33. b4 Nd6 34. Bd5 Kg6 35. e4 f6 36. e5 fxe5 37. dxe5 Nb5 38. e6 Nxa7 39. e7 Rb8 40. b5 Kf6 41. b6 Nb5 42. Bc6 Kxe7 43. Bxb5 Rxb6 44. a4 Kd6 45. Kf1 Ke5 46. Ke2 h5 47. Kd3 Rd6+ 48. Kc4 Rd2 49. a5 Rxf2 50. a6 Rxh2 51. Kb4 Rc2 52. a7 Rc8 53. Bc6 1-0

[Event "GER-ch Net blitz qual3"]
[Site "Playchess.com INT"]
[Date "2020.03.21"]
[Round "4"]
[White "Radke, Rocco Mario"]
[Black "Kuhn, Hubert"]
[Result "1-0"]
[WhiteElo "2027"]
[BlackElo "2019"]
[PlyCount "117"]
[EventDate "2020.03.21"]
[EventType "swiss (blitz)"]
[EventRounds "9"]
[EventCountry "GER"]
[SourceTitle "CBM 195 Extra"]
[Source "ChessBase"]
[SourceDate "2020.05.31"]
[SourceVersion "1"]
[SourceVersionDate "2020.05.31"]
[SourceQuality "1"]

1. Nf3 d5 2. d4 Nf6 3. g3 c6 4. Bg2 Bg4 5. Ne5 Bh5 6. Nd2 Nbd7 7. Ndf3 e6 8. 0-0 Be7 9. c4 0-0 10. Bf4 dxc4 11. Nxc4 Nd5 12. Bd6 N7b6 13. Nxb6 Qxb6 14. Bxe7 Nxe7 15. Qd2 Rad8 16. e3 Bxf3 17. Bxf3 c5 18. dxc5 Rxd2 19. cxb6 axb6 20. Rfd1 Rfd8 21. Kf1 Kf8 22. Ke1 Rxd1+ 23. Rxd1 Rxd1+ 24. Kxd1 Nc6 25. Kc2 Ke7 26. Kb3 Kd6 27. Be4 h6 28. Kc4 Ne5+ 29. Kc3 Kc7 30. h3 b5 31. Bd3 Kb6 32. Be2 Kc5 33. f4 Nd7 34. b4+ Kb6 35. Bf3 e5 36. Kd3 f6 37. Ke4 Kc6 38. Kf5+ Kd6 39. Kg6 exf4 40. exf4 Nb6 41. Kxg7 Ke7 42. Kxh6 Nc4 43. Bxb7 Nd6 44. Bc6 Kf7 45. g4 Ke6 46. a4 bxa4 47. Bxa4 Nf7+ 48. Kg7 Nd8 49. h4 Ke7 50. h5 Ne6+ 51. Kg8 Nxf4 52. h6 Ng6 53. h7 Ke6 54. Kg7 Nh8 55. Kxh8 f5 56. Kg7 fxg4 57. h8Q g3 58. Qh3+ Ke5 59. Qxg3+ 1-0

[Event "Karlsruhe Grenke op"]
[Site "Karlsruhe"]
[Date "2019.04.20"]
[Round "5"]
[White "Gatineau, Yovann"]
[Black "Kuhn, Hubert"]
[Result "0-1"]
[WhiteElo "2366"]
[BlackElo "2029"]
[PlyCount "70"]
[EventDate "2019.04.18"]
[EventType "swiss"]
[EventRounds "9"]
[EventCountry "GER"]
[SourceTitle "CBM 189 Extra"]
[Source "ChessBase"]
[SourceDate "2019.06.03"]
[SourceVersion "1"]
[SourceVersionDate "2019.06.03"]
[SourceQuality "1"]

1. d4 d5 2. c4 dxc4 3. e4 Nc6 4. Be3 Nf6 5. f3 e5 6. d5 Ne7 7. Nc3 Ng6 8. Bxc4 Bd6 9. Nge2 0-0 10. Qd2 Nh5 11. 0-0-0 a6 12. g4 Nhf4 13. Nxf4 exf4 14. Bf2 Ne5 15. Be2 b5 16. Kb1 Bd7 17. Rc1 Qe7 18. Bd4 b4 19. Nd1 c5 20. dxc6 Nxc6 21. Nf2 Nxd4 22. Qxd4 Be6 23. Rhd1 Bb8 24. Nd3 a5 25. e5 g5 26. h4 Ba7 27. Qe4 Be3 28. hxg5 Qxg5 29. Rc7 Rac8 30. Rxc8 Rxc8 31. Nc1 Bxc1 32. Rxc1 Bxa2+ 33. Kxa2 Rxc1 34. Bd3 Qh6 35. Bc4 Qg6 0-1

[Event "Regionalliga Sued-West 1819"]
[Site "Bayern"]
[Date "2019.03.24"]
[Round "8.4"]
[White "Watzenberger, Stefan"]
[Black "Kuhn, Hubert"]
[Result "1-0"]
[WhiteElo "2108"]
[BlackElo "2038"]
[PlyCount "89"]
[EventDate "2018.10.21"]
[EventType "team-tourn"]
[EventRounds "9"]
[EventCountry "GER"]
[SourceTitle "EXT 2022"]
[Source "ChessBase"]
[SourceDate "2021.10.06"]
[SourceVersion "1"]
[SourceVersionDate "2021.10.06"]
[SourceQuality "1"]
[WhiteTeam "Sendling SC"]
[BlackTeam "Zugzwang MSA II"]
[WhiteTeamCountry "GER"]
[BlackTeamCountry "GER"]

1. e4 c6 2. Nc3 d5 3. Nf3 Nf6 4. e5 Ne4 5. d3 Nxc3 6. bxc3 c5 7. d4 Qa5 8. Bd2 c4 9. Be2 e6 10. 0-0 Be7 11. h3 0-0 12. Nh2 Nd7 13. f4 g6 14. g4 f5 15. gxf5 exf5 16. Nf3 Re8 17. Qe1 Nf8 18. Qg3 Ne6 19. h4 Bd7 20. h5 Kh8 21. hxg6 Rg8 22. Kf2 Rxg6 23. Qh3 Rag8 24. Rh1 R8g7 25. Rag1 Rxg1 26. Rxg1 Rxg1 27. Kxg1 Qd8 28. Kf2 Qg8 29. Nh4 Qf7 30. Bf3 Nc7 31. Be1 Kg8 32. Ke3 Kf8 33. Ng2 Nb5 34. Qh6+ Qg7 35. Qxg7+ Kxg7 36. Bxd5 Na3 37. Bh4 Bxh4 38. Nxh4 Bc8 39. Kd2 Nb1+ 40. Ke3 b5 41. Bc6 Nxc3 42. d5 Kf7 43. Nf3 Ne4 44. Bxb5 c3 45. Ng5+ 1-0

[Event "Regionalliga Sued-West 1718"]
[Site "Bayern"]
[Date "2017.11.12"]
[Round "2.6"]
[White "Braun, Thomas1111"]
[Black "Kuhn, Hubert"]
[Result "1/2-1/2"]
[WhiteElo "2066"]
[BlackElo "1996"]
[PlyCount "105"]
[EventDate "2017.10.22"]
[EventType "team-tourn"]
[EventRounds "9"]
[EventCountry "GER"]
[SourceTitle "EXT 2022"]
[Source "ChessBase"]
[SourceDate "2021.10.06"]
[SourceVersion "1"]
[SourceVersionDate "2021.10.06"]
[SourceQuality "1"]
[WhiteTeam "Muenchen FC Bayern"]
[BlackTeam "Zugzwang MSA II"]
[WhiteTeamCountry "GER"]
[BlackTeamCountry "GER"]

1. d4 g6 2. c4 Bg7 3. Nc3 c5 4. d5 Bxc3+ 5. bxc3 f5 6. e3 Qa5 7. Qc2 Nf6 8. Rb1 d6 9. Nh3 Ne4 10. Rb3 Nd7 11. f3 Nef6 12. Be2 0-0 13. 0-0 Ne5 14. Nf2 Qa4 15. e4 Nxc4 16. Qd3 Ne5 17. Qe3 Qd7 18. f4 Nf7 19. c4 fxe4 20. Bb2 Nh6 21. Nxe4 Nf5 22. Nxf6+ exf6 23. Qd2 Qe7 24. g4 Nd4 25. Re3 Qc7 26. Bd1 Bd7 27. Bxd4 cxd4 28. Qxd4 Qc5 29. Qxc5 dxc5 30. Re7 Rf7 31. Rfe1 Kf8 32. Rxf7+ Kxf7 33. g5 a6 34. a4 b6 35. Bc2 Rb8 36. Kf2 b5 37. axb5 axb5 38. cxb5 Rxb5 39. Rb1 Rxb1 40. Bxb1 fxg5 41. fxg5 Ke7 42. h4 Kd6 43. h5 Be8 44. Be4 Bf7 45. h6 Ke5 46. Ke3 c4 47. d6 Kxd6 48. Kd4 Bg8 49. Bf3 Be6 50. Be4 Bf7 51. Bf3 Ke7 52. Be4 Kd6 53. Bf3 1/2-1/2